[Event "Online Olym Div4 A 2020"]
[Site "chess.com INT"]
[Date "2020.08.01"]
[Round "6.2"]
[Board "5"]
[White "Charles, Cleophas"]
[Black "Sai Han Thiha"]
[Result "1/2-1/2"]
[WhiteElo "1569"]
[BlackElo "1974"]
[WhiteTeam "Tanzania"]
[BlackTeam "Myanmar"]
[WhiteFideId "21600511"]
[BlackFideId "13012290"]
[EventDate "2020.07.31"]
[EventType "team"]

1. e4 c5 2. Nf3 d6 3. Bc4 Nc6 4. d3 g6 5. Bd2 Bg7 6. Bc3 e5 7. O-O h6 8. Nbd2
Nge7 9. a3 O-O 10. h3 Rb8 11. b4 b5 12. Bb3 a5 13. bxa5 Nxa5 14. Bxa5 Qxa5 15.
Nh2 Be6 16. Ng4 Kh7 17. Ne3 Qc3 18. a4 Bxb3 19. Nxb3 c4 20. Qd2 Qxd2 21. Nxd2 c3
22. Nb3 b4 23. Nc4 d5 24. exd5 Nxd5 25. a5 f5 26. Rfe1 Rfe8 27. a6 Re7 28. Ra5
Nc7 29. a7 Rbe8 30. Nb6 Na8 31. Nxa8 Rxa8 32. Rea1 e4 33. dxe4 fxe4 34. Kf1 Be5
35. Ke2 Bc7 36. Ra6 Bd8 37. Nc5 h5 38. Ke3 Bc7 39. Nxe4 Be5 40. f4 Bg7 41. Kf3
b3 42. Ng5+ Kh6 43. cxb3 Bd4 44. Ne4 Rexa7 45. Rxa7 Rxa7 46. Rxa7 Bxa7 47. Nxc3
Bc5 48. Nd5 Kg7 49. b4 Bd6 50. b5 Kf7 51. g4 Ke6 52. Nc3 hxg4+ 53. hxg4 Bc7 54.
Na4 Kd5 55. b6 Bd8 56. b7 Bc7 57. Nb6+ Kc6 58. Na8 Bb8 59. Nb6 Kxb6 60. Ke4 Kxb7
61. f5 gxf5+ 62. gxf5 Bd6 63. Kd5 Kc7 64. Ke6 Kc6 65. f6 Ba3 66. f7 Kc7 67. Kf6
Kd7 68. Kg7 Bb2+ 69. Kg8 Ba3 70. Kg7 Be7 71. Kg8 Ba3 72. f8=Q Bxf8 1/2-1/2

[Event "Online Olym Div4 A 2020"]
[Site "chess.com INT"]
[Date "2020.08.01"]
[Round "6.4"]
[Board "4"]
[White "Chen, Chi"]
[Black "Bhatta, Ranju"]
[Result "1-0"]
[WhiteElo "1588"]
[BlackElo "1515"]
[WhiteTeam "Chinese Taipei"]
[BlackTeam "Nepal"]
[WhiteFideId "16301633"]
[BlackFideId "12320005"]
[EventDate "2020.07.31"]
[EventType "team"]

1. d4 e6 2. Nf3 d5 3. c4 Bb4+ 4. Bd2 Nc6 5. Bxb4 Nxb4 6. Qa4+ Nc6 7. Ne5 Ne7 8.
e3 O-O 9. Nxc6 Nxc6 10. cxd5 exd5 11. Bd3 Bd7 12. Qb3 b6 13. Qxd5 Nb4 14. Qb3
Nxd3+ 15. Qxd3 Re8 16. O-O Qf6 17. Nc3 a6 18. Rac1 Rec8 19. Rc2 Qg6 20. Qxg6
hxg6 21. Rfc1 c6 22. f3 f5 23. Kf2 Kf7 24. a3 Ke6 25. e4 fxe4 26. fxe4 Rf8+ 27.
Ke3 Kd6 28. b4 b5 29. h3 g5 30. g4 a5 31. e5+ Ke6 32. Ne4 axb4 33. axb4 Ra3+ 34.
Rc3 Rxc3+ 35. Rxc3 Kd5 36. Rc5+ Ke6 37. Nxg5+ Ke7 38. Ke4 Rf2 39. Kd3 g6 40. Rc2
Rxc2 41. Kxc2 Be8 42. Kd3 Kd7 43. Ke4 Ke7 44. h4 Kd7 45. e6+ Ke7 46. Ke5 Bd7 47.
h5 Bxe6 48. Nxe6 Kf7 49. hxg6+ Kg8 50. Nd8 Kg7 51. Nxc6 Kxg6 52. Ke6 Kg5 53. d5
Kxg4 54. d6 Kf4 55. d7 1-0

[Event "Online Olym Div4 A 2020"]
[Site "chess.com INT"]
[Date "2020.08.02"]
[Round "7.4"]
[Board "1"]
[White "Myint, Han"]
[Black "Ayyad, Husain"]
[Result "1/2-1/2"]
[WhiteTitle "IM"]
[BlackTitle "FM"]
[WhiteElo "2319"]
[BlackElo "2209"]
[WhiteTeam "Myanmar"]
[BlackTeam "Bahrain"]
[WhiteFideId "13000322"]
[BlackFideId "11200243"]
[EventDate "2020.07.31"]
[EventType "team"]

1. e4 e5 2. Nf3 Nc6 3. Bb5 a6 4. Ba4 Nf6 5. O-O Be7 6. Re1 b5 7. Bb3 d6 8. c3
O-O 9. h3 h6 10. d4 Bb7 11. Nbd2 Re8 12. Nf1 Bf8 13. Ng3 g6 14. a4 Bg7 15. d5
Nb8 16. Qd3 c6 17. dxc6 Bxc6 18. Rd1 Bf8 19. axb5 Bxb5 20. c4 Bc6 21. c5 Nbd7
22. Qc4 d5 23. exd5 Bb5 24. Qc2 Nxc5 25. Ba2 Qd6 26. Be3 Nd3 27. Qd2 Kh7 28. Ne1
Nf4 29. Rac1 Rac8 30. Rxc8 Rxc8 31. Nf3 Nd3 32. Bb1 Nb4 33. Nf5 Qxd5 34. Qxd5
Nfxd5 35. Nxe5 Nxe3 36. Nxe3 Kg8 37. Nd3 Nxd3 38. Bxd3 Bxd3 39. Rxd3 Bg7 40. b3
Rc1+ 41. Kh2 Rb1 42. Kg3 a5 43. Kf3 Ra1 44. Rd8+ Kh7 45. Rd7 Kg8 46. Rd8+ Kh7
47. Rd7 Kg8 1/2-1/2

[Event "Online Olym Div4 A 2020"]
[Site "chess.com INT"]
[Date "2020.08.02"]
[Round "8.3"]
[Board "1"]
[White "Hamal, Manish"]
[Black "Wynn, Zaw Htun"]
[Result "1/2-1/2"]
[WhiteTitle "FM"]
[BlackTitle "IM"]
[WhiteElo "2021"]
[BlackElo "2508"]
[WhiteTeam "Nepal"]
[BlackTeam "Myanmar"]
[WhiteFideId "12300110"]
[BlackFideId "13002783"]
[EventDate "2020.07.31"]
[EventType "team"]

1. e4 c5 2. Nf3 d6 3. d4 cxd4 4. c3 Nf6 5. Qxd4 Nc6 6. Qd3 g6 7. h3 Bg7 8. Be2
O-O 9. O-O b6 10. Rd1 Bb7 11. Bf4 Qc7 12. Nbd2 Rfd8 13. Rac1 Rac8 14. Bf1 a6 15.
Re1 Nd7 16. Nc4 Nde5 17. Bxe5 dxe5 18. Qe3 b5 19. Nb6 Rb8 20. Nd5 Qc8 21. Red1
e6 22. Nb4 Rxd1 23. Rxd1 Nxb4 24. cxb4 Qc6 25. Bd3 Rd8 26. Re1 Qd6 27. Bc2 Qxb4
28. Qb6 Rd7 29. Bb3 Qd6 30. Qe3 h6 31. Rc1 Bf8 32. Rd1 Qc6 33. Rxd7 Qxd7 34.
Nxe5 Qc7 35. Ng4 h5 36. Nf6+ Kh8 37. e5 Bg7 38. Qg5 Qd8 39. Bxe6 fxe6 40. Qxg6
Bxf6 41. exf6 Qd1+ 42. Kh2 Qd6+ 43. g3 Qf8 44. Qxh5+ Kg8 45. Qg6+ Kh8 46. Qh5+
Kg8 47. Qg6+ Kh8 48. Qh5+ 1/2-1/2

[Event "Online Olym Div4 A 2020"]
[Site "chess.com INT"]
[Date "2020.08.02"]
[Round "8.3"]
[Board "2"]
[White "Nay Oo Kyaw, Tun"]
[Black "Thing, Bibek"]
[Result "1/2-1/2"]
[WhiteTitle "IM"]
[BlackTitle "CM"]
[WhiteElo "2385"]
[BlackElo "2222"]
[WhiteTeam "Myanmar"]
[BlackTeam "Nepal"]
[WhiteFideId "13000110"]
[BlackFideId "12303135"]
[EventDate "2020.07.31"]
[EventType "team"]

1. d4 Nf6 2. Bf4 e6 3. e3 Bd6 4. Bg3 b6 5. Nf3 Bb7 6. Nbd2 h6 7. c3 Bxg3 8. hxg3
d6 9. Bd3 Nbd7 10. Qe2 a5 11. O-O-O Qe7 12. Rh4 e5 13. dxe5 dxe5 14. e4 O-O-O
15. Ba6 Nc5 16. Bxb7+ Kxb7 17. Rhh1 Rd7 18. Nc4 Ncxe4 19. Nxa5+ bxa5 20. Qb5+
Kc8 21. Qa6+ Kb8 22. Qb5+ Kc8 23. Qa6+ Kb8 24. Qb5+ Kc8 1/2-1/2

[Event "Online Olym Div4 A 2020"]
[Site "chess.com INT"]
[Date "2020.08.02"]
[Round "8.4"]
[Board "6"]
[White "Feng, Eunice"]
[Black "Gosrani, Naiya"]
[Result "1/2-1/2"]
[WhiteElo "1528"]
[BlackElo "1331"]
[WhiteTeam "Hong Kong"]
[BlackTeam "Kenya"]
[WhiteFideId "331059520"]
[BlackFideId "10805397"]
[EventDate "2020.07.31"]
[EventType "team"]

1. e4 e5 2. Nf3 Nc6 3. Bc4 Bc5 4. c3 d6 5. d4 exd4 6. cxd4 Bb4+ 7. Bd2 Bxd2+ 8.
Nbxd2 Nf6 9. O-O O-O 10. Re1 Re8 11. h3 h6 12. e5 dxe5 13. dxe5 Nd5 14. Ne4 Nb6
15. Bb5 Bd7 16. Nc5 Rb8 17. Nxd7 Qxd7 18. Qc2 a6 19. Bxc6 Qxc6 20. Qxc6 bxc6 21.
Rac1 Nd5 22. Re2 Nf4 23. Rd2 Ng6 24. Rxc6 Nxe5 25. Nxe5 Rxe5 26. Rxc7 Rbe8 27.
Rdd7 Rf8 28. Ra7 Re1+ 29. Kh2 Re2 30. Rxa6 Rxb2 31. Kg3 Rc8 32. Rd3 Rcc2 33.
Ra8+ Kh7 34. Rf3 f6 35. a4 h5 36. a5 Ra2 37. a6 Ra1 38. Rb3 Rca2 39. Rb6 Ra3+
40. f3 Kg6 41. Kh4 R1a2 42. Kg3 Kh7 43. Rb5 Kg6 44. Rb6 Kh7 45. a7 Rxa7 46. Rxa7
Rxa7 47. Kh4 Kh6 1/2-1/2

[Event "Online Olym Div4 A 2020"]
[Site "chess.com INT"]
[Date "2020.08.02"]
[Round "9.2"]
[Board "2"]
[White "Arunnuntapanich, Tinnakrit"]
[Black "Lau, Lut Yin Luke"]
[Result "1/2-1/2"]
[WhiteElo "2064"]
[BlackElo "1991"]
[WhiteTeam "Thailand"]
[BlackTeam "Hong Kong"]
[WhiteFideId "6202039"]
[BlackFideId "6002226"]
[EventDate "2020.07.31"]
[EventType "team"]

1. d4 Nf6 2. c4 e6 3. Nf3 Be7 4. Nc3 d5 5. cxd5 exd5 6. Bf4 c6 7. e3 Bf5 8. Bd3
Bxd3 9. Qxd3 O-O 10. O-O h6 11. h3 Bd6 12. Ne5 Qe7 13. a3 Ne4 14. Nxe4 dxe4 15.
Qc4 Qf6 16. b4 Rd8 17. Rfc1 Na6 18. Rab1 Nc7 19. a4 a6 20. Qb3 Qe7 21. Bg3 Nd5
22. b5 axb5 23. axb5 Ra3 24. Qb2 Bxe5 25. Bxe5 cxb5 26. Rc5 b4 27. Rbc1 Rc3 28.
Rb5 Rdc8 29. Rb1 Rc2 30. Qb3 Rc1+ 31. Rxc1 Rxc1+ 32. Kh2 Nf6 33. Bg3 Rc6 34.
Qxb4 Qxb4 35. Rxb4 b6 36. Rb5 Kf8 37. Be5 Nd7 38. Bg3 Ke7 39. d5 Rc5 40. d6+ Ke6
41. Rb4 f5 42. h4 g5 43. hxg5 hxg5 44. f3 exf3 45. gxf3 Rc2+ 46. Kg1 Rc1+ 47.
Kg2 Rd1 48. Kf2 Rd2+ 49. Kf1 Rd5 50. Ke2 Ra5 51. Kd3 Ra3+ 52. Kd4 Ra1 53. Kd3
Ra3+ 54. Ke2 Ra2+ 55. Kf1 Ra3 56. Kf2 Ra6 57. Rc4 Nc5 58. Kg2 Ra3 59. Rb4 Ra6
60. Rd4 Ra2+ 61. Kg1 Ra1+ 62. Kg2 Ra2+ 63. Kh3 Nd7 64. Rc4 Ra3 65. Rc8 Nf6 66.
Rc7 Nd7 67. Rc8 Nf6 68. Rb8 Rxe3 69. Rxb6 Nd7 70. Ra6 Rxf3 71. Kg2 Rb3 72. Ra8
f4 73. Bf2 Kxd6 74. Rg8 Rb5 75. Bd4 Ke6 76. Kf3 Ne5+ 77. Bxe5 Rxe5 78. Kg4 Kf6
79. Rf8+ Kg7 80. Ra8 Kf6 81. Rf8+ Kg7 82. Ra8 Rb5 83. Ra7+ Kf6 84. Ra6+ Ke7 85.
Ra7+ Kd6 86. Ra6+ Kc7 87. Ra7+ Kb6 88. Rg7 Re5 89. Rg8 Kc5 90. Rd8 Rd5 91. Ra8
Kd4 92. Ra4+ Ke3 93. Ra3+ Ke2 94. Ra2+ Rd2 95. Ra8 Rd5 96. Ra2+ Ke1 97. Ra1+ Kf2
98. Ra2+ Ke3 99. Ra3+ Kd2 100. Ra2+ Ke3 101. Ra3+ 1/2-1/2